The Entire 'Catfish And The Bottlemen' Discography (2025) - Statistics

General Stats
  • This quiz has been taken 17 times
  • The average score is 37 of 48
Answer Stats
% Correct
Cocoon
100%
Cocoon - Acoustic
100%
Cocoon - Jim Eno Sessions
100%
Emily
100%
Rango
100%
2all
89%
7
89%
7 (Acoustic)
89%
7 - Acoustic
89%
ASA
89%
Business
89%
Fallout
89%
Homesick
89%
Kathleen
89%
Kathleen - Acoustic
89%
Kathleen - Jim Eno Sessions
89%
Pacifier
89%
Pacifier - Acoustic
89%
Pacifier - Jim Eno Sessions
89%
Red
89%
Tyrants
89%
26
78%
Conversation
78%
Hourglass
78%
Hourglass - Ewan McGregor Version
78%
Oxygen
78%
Twice
78%
Anything
67%
Basically
67%
Glasgow
67%
Heathrow
67%
Longshot
67%
Outside
67%
Overlap
67%
Postpone
67%
Showtime
67%
Sidetrack
67%
Soundcheck
67%
The Balance
67%
The Ride
67%
Encore
56%
Fluctuate
56%
Mission
56%
Sidewinder
56%
The Balcony
56%
The Balcony (10 Year Anniversary)
56%
Coincide
44%
Intermission
44%
No matching quizzes found
Score Distribution
Percent of People with Each Score
Percentile by Number Answered
Your Score History
You have not taken this quiz